000 00186nam a2200073Ia 4500
008 170817s9999 xx 000 0 und d
100 _aSharma.Seema
245 0 _aHistory Of Education
260 _bAnmol Publications Delhi
999 _c38887
_d38887